书目信息 |
| 题名: |
生态美学及其在当代中国的建构
|
|
| 作者: | 张华 著 | |
| 分册: | ||
| 出版信息: | 北京 中华书局 2006 |
|
| 页数: | 341页 | |
| 开本: | 21cm | |
| 丛书名: | 比较文学与文化新视野丛书 | |
| 单 册: | ||
| 中图分类: | Q14-05 | |
| 科图分类: | ||
| 主题词: | 生态学 , 美学 , 生态学--美学--研究 | |
| 电子资源: | ||
| ISBN: | 7-101-05136-7 | |
| 000 | 01182oam2 2200277 450 | |
| 001 | 003191660 | |
| 005 | 20070805181625.89 | |
| 010 | @a7-101-05136-7@dCNY25.00 | |
| 100 | @a20060531d2006 em y0chiy0110 ea | |
| 101 | 0 | @achi |
| 102 | @aCN@b110000 | |
| 105 | @ay z 000yy | |
| 200 | 1 | @a生态美学及其在当代中国的建构@9sheng tai mei xue ji qi zai dang dai zhong guo de jian gou@f张华著 |
| 210 | @a北京@c中华书局@d2006 | |
| 215 | @a341页@d21cm | |
| 225 | 2 | @a比较文学与文化新视野丛书 |
| 300 | @a北京市重点学科共建项目(XK100320461)资助 | |
| 330 | @a本书讨论的是生态美学问题,上篇从美学与现代性的关系、生态美学的现实环境两方面概述了思想界对该危机的种种回应、生态美学思想发生的时代与思想语境;中篇论述了马克思的生态学在人文学科的应用及意义、生态神学对美的关照和启示、中国美学界的理论回应等;下篇勾勒出生态美学在整个文艺理论与美学发展历程中的地位、意义和重要作用,并在自己的独特分析基础上提出了建立生态存在论美学体系的设想。 | |
| 461 | 0 | @12001 @a比较文学与文化新视野丛书 |
| 606 | 0 | @a生态学 |
| 606 | 0 | @a美学 |
| 606 | 0 | @a生态学@x美学@x研究 |
| 690 | @aQ14-05@v4 | |
| 701 | 0 | @a张华@9zhang hua@c(文化学)@4著 |
| 801 | 0 | @aCN@bNLC@c20070805 |
| 905 | @a10447@dQ14-05@e145 | |
| 生态美学及其在当代中国的建构/张华著.-北京:中华书局,2006 |
| 341页;21cm.-(比较文学与文化新视野丛书) |
| 北京市重点学科共建项目(XK100320461)资助 |
| ISBN 7-101-05136-7:CNY25.00 |
| 本书讨论的是生态美学问题,上篇从美学与现代性的关系、生态美学的现实环境两方面概述了思想界对该危机的种种回应、生态美学思想发生的时代与思想语境;中篇论述了马克思的生态学在人文学科的应用及意义、生态神学对美的关照和启示、中国美学界的理论回应等;下篇勾勒出生态美学在整个文艺理论与美学发展历程中的地位、意义和重要作用,并在自己的独特分析基础上提出了建立生态存在论美学体系的设想。 |
| ● |
| 相关链接 |
|
|
|
|
正题名:生态美学及其在当代中国的建构
索取号:Q14-05/145
 
预约/预借
| 序号 | 登录号 | 条形码 | 馆藏地/架位号 | 状态 | 备注 |
| 1 | 0805614 | 208056146 | 第二样本阅览室/ [索取号:Q14-05/145] | 在馆 | |
| 2 | 0805615 | 208056155 | 第三借阅区/ [索取号:Q14-05/145] | 在馆 | |
| 3 | 0805616 | 208056164 | 第三借阅区/ [索取号:Q14-05/145] | 在馆 | |
| 4 | 0805617 | 208056173 | 第三借阅区/ [索取号:Q14-05/145] | 在馆 | |
| 5 | 0805618 | 208056182 | 第三借阅区/ [索取号:Q14-05/145] | 在馆 | |
| 6 | 0805619 | 208056191 | 第三借阅区/ [索取号:Q14-05/145] | 在馆 | |
| 7 | 0805620 | 208056208 | 第三借阅区/ [索取号:Q14-05/145] | 在馆 |